[Event "IRI-chT (Women) 8th"]
[Site "Qazvin"]
[Date "2014.12.30"]
[Round "2.4"]
[White "Azadvari, Zahra"]
[Black "Partovi, Sahel"]
[Result "1-0"]
[WhiteElo "1917"]
[BlackElo "1639"]
[PlyCount "84"]
[EventDate "2014.12.29"]
[EventType "team-tourn"]
[EventRounds "7"]
[EventCountry "IRI"]
[SourceTitle "CBM 164 Extra"]
[Source "ChessBase"]
[SourceDate "2015.03.02"]
[SourceVersion "1"]
[SourceVersionDate "2015.03.02"]
[SourceQuality "1"]
[WhiteTeam "Daneshgah Azad (W)"]
[BlackTeam "Nokhbegan Gilan (W)"]
[WhiteTeamCountry "IRI"]
[BlackTeamCountry "IRI"]

1. e4 d5 2. exd5 Qxd5 3. Nc3 Qa5 4. Nf3 Nf6 5. d4 Bg4 6. Bc4 e6 7. 0-0 Nc6 8. Bb5 Qb6 9. Qd3 0-0-0 10. Na4 Qa5 11. Bxc6 bxc6 12. b3 Qb5 13. Ne5 Be2 14. Qxb5 cxb5 15. Re1 Bh5 16. Nc3 Bb4 17. Bb2 Nd5 18. Nxd5 Rxd5 19. c3 Bd6 20. c4 bxc4 21. bxc4 Ra5 22. c5 Bxe5 23. Rxe5 Bg6 24. a4 Bc2 25. Re3 Kd7 26. Rc3 Be4 27. Rb3 Bc6 28. Rb4 h5 29. Bc1 f6 30. Bf4 g5 31. Be3 Rg8 32. Bd2 Ra6 33. Be3 f5 34. f3 f4 35. Bd2 g4 36. Kf2 Rf8 37. h3 g3+ 38. Ke2 Bb5+ 39. Rxb5 Kc6 40. Rb4 Kd7 41. Kd3 Kc6 42. Kc4 Kd7 1-0